The future for women in surveying (Record no. 96091)

MARC details
000 -LEADER
fixed length control field 01038cam a2200277 4500
001 - CONTROL NUMBER
control field J634
008 - FIXED-LENGTH DATA ELEMENTS--GENERAL INFORMATION
fixed length control field 090401t1992 xxu||||| |||| 00| 0 eng d
035 ## - SYSTEM CONTROL NUMBER
System control number (Sirsi) u75919
041 ## - LANGUAGE CODE
Language code of text/sound track or separate title eng
050 ## - LIBRARY OF CONGRESS CALL NUMBER
Classification number 331.481333
-- 18
100 ## - MAIN ENTRY--PERSONAL NAME
Personal name Martin, Kristen
245 #4 - TITLE STATEMENT
Title The future for women in surveying
Remainder of title the report of a research study
260 ## - PUBLICATION, DISTRIBUTION, ETC.
Place of publication, distribution, etc. Kingston upon Thames
Name of publisher, distributor, etc. Kingston Polytechnic
Date of publication, distribution, etc. 1992
300 ## - PHYSICAL DESCRIPTION
Extent 47p. ; 30cm.
350 ## - PRICE (NR) (BK AM CF MU VM SE) [OBSOLETE]
Price 7.5
490 ## - SERIES STATEMENT
Series statement Kingston Polytechnic Faculty of Design School of Surveying Occasional Paper
Volume/sequential designation 1
520 ## - SUMMARY, ETC.
Summary, etc. A study of careers opportunities and employment requirements for women in the surveying profession, based on a questionnaire sent to random sample of female RICS members.
650 ## - SUBJECT ADDED ENTRY--TOPICAL TERM
Topical term or geographic name entry element WOMEN IN SURVEYING
650 ## - SUBJECT ADDED ENTRY--TOPICAL TERM
Topical term or geographic name entry element WOMEN SURVEYORS
690 ## - LOCAL SUBJECT ADDED ENTRY--TOPICAL TERM (OCLC, RLIN)
Topical term or geographic name as entry element MANAGEMENT-BUSINESS MANAGEMENT-PROFESSIONAL PRACTICE
700 ## - ADDED ENTRY--PERSONAL NAME
Personal name Mehrtens, Ian
700 ## - ADDED ENTRY--PERSONAL NAME
Personal name Sayce, Sarah
710 ## - ADDED ENTRY--CORPORATE NAME
Corporate name or jurisdiction name as entry element Kingston Polytechnic Faculty of Design School of Surveying
9 (RLIN) 2569
942 ## - ADDED ENTRY ELEMENTS (KOHA)
Suppress in OPAC 0
948 ## - LOCAL PROCESSING INFORMATION (OCLC); SERIES PART DESIGNATOR (RLIN)
c (OCLC) 04/03/1997
Holdings
Withdrawn status Lost status Source of classification or shelving scheme Damaged status Not for loan Home library Current library Shelving location Date acquired Cost, normal purchase price Total Checkouts Full call number Barcode Date last seen Date last checked out Copy number Cost, replacement price Price effective from Koha item type
    Dewey Decimal Classification     London London Folio 28/10/1993 7.50 14 F331.481333 30039999 06/08/2019 02/03/2006 1 7.50 06/08/2019 Book